| 000 | 00381 a2200157 4500 | ||
|---|---|---|---|
| 020 | _a976-350-823-8 | ||
| 040 |
_aDLC _bDLC |
||
| 082 | _a891.4393 | ||
| 100 | _aAshfaq Ahmad | ||
| 245 |
_aSafar dar safar _cAshfaq Ahmad |
||
| 260 |
_aLahore _bSang e meel publications _c2012 |
||
| 300 | _a259 p, | ||
| 650 | _aUrdu--noval | ||
| 700 | _aAshfaq Ahmad | ||
| 942 |
_cBK _k891.4393 ASH _2ddc |
||
| 999 |
_c10750 _d10750 |
||